=LDR 00000nam 2200000 4500 =001 INLIS000000000003987 =005 20130612092259 =008 ***********************************Ind** =035 ##$$0010-061300000003987 =041 ##$$a Ind =082 ##$$a 808.5 =090 ##$$a 808.5, Wid k =100 ##$$a Widyamartaya, A =245 ##$$a Kreatif berwicara, A.Widyamartaya,BA =260 ##$$a 1996 $b Yogyakarta =300 ##$$a 70 hlm., ilus., 21 cm =650 ##$$a Pidato =850 ##$$a NBPNMAT